Geography Quiz

Random Geography or City Quiz

City Nicknames Quiz Stats

 Plays Quiz Updated Oct 10, 2014

Score 0/18 Timer 05:00
0 Plays Today
Nickname City Name % Correct
The Big AppleNew York, New York, USA
99.7%
City of Light(s) or LoveParis, France
77.5%
The Mile High CityDenver, Colorado, USA
69.4%
City of DavidJerusalem, Israel
69.2%
City of Brotherly LovePhiladelphia, Pennsylvania, USA
66.4%
City of the Seven HillsRome, Italy
65.2%
The Forbidden CityBeijing, China
59%
The Square MileLondon, England
50.7%
Spree-AthensBerlin, Germany
33.9%
Nickname City Name % Correct
City of a Thousand MinaretsCairo, Egypt
33%
Pearl of the OrientHong Kong, China
32.9%
Queen of the AdriaticVenice, Italy
28.6%
The Pearl of the DanubeBudapest, Hungary
27.4%
The Paris of the Middle EastBeirut, Lebanon
18.2%
City of Dreaming SpiresOxford, England
8.7%
City of PalacesKolkata, India (formerly Calcutta)
6.9%
City of SailsAuckland, New Zealand
6.6%
The Mother CityCape Town, South Africa
6.5%

You're not logged in!

Compare scores with friends on all Sporcle quizzes.
OR
Log In

Sporcle TV

Today on Sporcle TV


Watch our educational content, quiz creation guides, and fun videos on Sporcle TV.

Show Comments

Extras

Top Quizzes Today


Score Distribution

Your Account Isn't Verified!

In order to create a playlist on Sporcle, you need to verify the email address you used during registration. Go to your Sporcle Settings to finish the process.

Report this User

Report this user for behavior that violates our Community Guidelines.

Details: